000 00566nam a2200193Ia 4500
005 20250508160039.0
008 008 250505s9999 xx 000 0 eng d
037 _aTextual
040 _aFEDL
_beng
_cFEDL
041 _aeng
_2eng
084 _a371.2, REM
_qFEDL
100 _aRemmlein Madaline Kinter
_9758536
245 0 _aLaw of local public school administration
260 _aNew York, USA
_bMcGraw-Hill Book Company
_c1953
300 _axi,271p
650 _aSchool Administration
942 _cTEXL
_h371.2, REM
999 _c1361397
_d1361397